000 01237cam a22003497a 4500
003 CHAP
005 20230608091855.0
008 971013s1996 r 00010 d
010 _a61774
011 _a62746
035 _a66921
040 _cCHAP
082 _a301.35
_bR3
100 1 0 _aRamírez Díaz, Francisco Javier
_993968
245 0 _aDesarrollo nacional y la cuestión agraria en México
260 _aChapingo, Méx. :
_bUACH. Centro de Investigaciones Económicas, Sociales y Tecnológicas de la Agroindustria y la Agricultura Mundial,
_c(1996)
300 _a99 p.
590 _aBATCH-UPD
_b10
_c20130110
_lUCH01
_h0926
590 _aBATCH-UPD
_b10
_c20130410
_lUCH01
_h0546
590 _aBATCH-UPD
_b10
_c20130914
_lUCH01
_h0828
590 _aCONVERSION
_b10
_c20130109
_lUCH01
_h1333
650 1 4 _aCampesinado
_zMéxico.
650 1 4 _aClases sociales.
_923673
650 1 4 _aDesarrollo rural.
_932067
650 1 4 _aMéxico
_xCondiciones rurales.
650 1 4 _aTierras
_xTenencia
_zMéxico.
_9113215
790 _aAlianza obrero campesina
901 _aBK
942 _cLIBRO
949 _a301.35 R3
_bBC
_cLIBRO
_d33724000608261
_eLIBRO
_h91317
_i66921
_si
949 _a301.35 R3
_bBC
_cUACH
_d-152158
_eUACH
_fc.2
_h91318
_i66921
_si
999 _c61774
_d61774